| Поле | Инд. | ПП | Название | Значение |
|---|---|---|---|---|
| Тип записи | m | |||
| Библиографический уровень | m | |||
| 001 | Контрольный номер | b44eee66313744f496422f2ee9ec814d | ||
| 005 | Дата корректировки | 20260123161115.6 | ||
| 008 | Кодируемые данные | 251223|||||||||ru |||||||||||||||||rus|| | ||
| 020 | a | ISBN | 978-5-907905-52-8 | |
| 041 | 0_ | a | Код языка текста | rus |
| 084 | a | Индекс другой классификации/Индекс ББК | 95+74.480.278я43+32.97я43 | |
| 100 | 1_ | a | Автор | Мурманский арктический университет |
| 203 | a | Вид содержания | Текст | |
| c | Тип средства | электронный | ||
| 245 | 10 | a | Заглавие | СИнТЕЗ–2025 |
| b | Продолж. заглавия | материалы региональной научно-практической конференции (Мурманск, 21−25 апреля 2025 г.) : сборник материалов | ||
| c | Ответственность | Министерство науки и высшего образования Российской Федерации, Федеральное государственное автономное образовательное учреждение высшего образования "Мурманский арктический университет" ; ответственный редактор А. А. Ляш | ||
| h | Физич. носитель | Электронный ресурс | ||
| 250 | a | Основные сведения об издании | Научное электронное издание | |
| 256 | a | Характеристики компьютерного файла | Электрон. текстовые дан. (1 файл : 4,96 Мб) | |
| 260 | a | Место издания | Мурманск | |
| b | Издательство | МАУ | ||
| c | Дата издания | 2025 | ||
| 500 | a | Примечание | URL: https://elib.mauniver.ru/2025/Sb_25_21.pdf | |
| 500 | a | Примечание | Доступ из локальной сети Мурман. аркт. ун-та. - Загл. с экрана | |
| 500 | a | Примечание | Имеется аналог CD-ROM 2025 г. | |
| 520 | 0_ | a | Аннотация | В сборник включены доклады участников региональной научно-прак-тической конференции "Системы. Технологии. Знания (СИнТЕЗ–2025)" (Мурманск, 21−25 апреля 2025 г.). Представленные материалы охватывают широкий спектр вопросов и могут быть полезны для студентов, аспирантов, преподавателей, научных работников и всех интересующихся проблемами устойчивого развития Арктической зоны Российской Федерации. |
| 583 | x | Служебное примечание | Полнотекстовые документы | |
| x | Служебное примечание | Труды преподавателей МАУ | ||
| 650 | 04 | a | Основная рубрика | Информационные технологии-Материалы конференций |
| 651 | _4 | a | Географическое наименование | Арктика |
| 651 | _4 | a | Географическое наименование | Кольский Север |
| 651 | _4 | a | Географическое наименование | Мурманская область |
| 653 | 0_ | a | Ключевые слова | Веб-сайты; Информационные технологии; Конференции Всероссийские; Материалы конференций; Мурманский арктический университет; Научная деятельность студентов; Труды преподавателей МАУ; Электронные версии |
| 700 | 12 | a | Другие авторы | Ляш О. И. |
| e | Роль лиц | Редактор | ||
| 700 | 12 | a | Другие авторы | Левитес В. В. |
| e | Роль лиц | Редактор | ||
| 700 | 12 | a | Другие авторы | Кайченов А. В. |
| e | Роль лиц | Редактор | ||
| 856 | 40 | u | URL | https://elib.mauniver.ru/2025/Sb_25_21.pdf |
| 901 | t | Тип документа | m |